00843nam a2200241Ia 4500003000900000008004100009020001800050040001600068080002000084100002600104245012800130250001200258260003500270300001500305650004100320650001600361650002500377650002300402700003000425942000700455999001700462952012200479IN-BaIIA211028s9999 xx 000 0 eng d a81-203-0616-3 cIIA Library a621.389.04bPUC aPucknell, D. A919245 0aBasic VLSI designbsystems and circuitscD. A. Pucknell and Kamran Eshraghian  a2nd ed. aNew DelhibPrentice-Hallc1993 axix, 404p. aAstronomy and astrophysics thesaurus aVLSI919246 aVLSI circuits919247 aVLSI design919248 aEshraghian, Kamran919249 cBK c11234d11234 00104070aBANbBANcGENd1995-03-06g95.00l0o621.389.04/ PUCp12149r2021-11-05v95.00w1995-03-06yBKGRs. 95.00